Southville International School and Colleges
Your cart is empty.
  • Cart
  • Lists
    Public lists Eva Luna New books Lux_list list_1
    Your lists Log in to create your own lists
  • Log in to your account
  • Your cookies
  • Search history
Southville International School and Colleges
  • Advanced search
  • Recent comments
  • Most popular
  • Libraries

Log in to your account

Log in with GOOGLE


If you do not have an external account, but do have a local account, you can still log in:

  1. Home
  2. MARC view: The 1987 constitution of the republic of the Philippines /
Normal view MARC view ISBD view

The 1987 constitution of the republic of the Philippines / (Record no. 8695)

[ view plain ]
MARC details
000 -LEADER
fixed length control field 00563nam a22001937a 4500
003 - CONTROL NUMBER IDENTIFIER
control field SISC
005 - DATE AND TIME OF LATEST TRANSACTION
control field 20160322084547.0
008 - FIXED-LENGTH DATA ELEMENTS--GENERAL INFORMATION
fixed length control field 130815t xxu||||| |||| 00| 0 eng d
020 ## - INTERNATIONAL STANDARD BOOK NUMBER
International Standard Book Number 9710868357
050 ## - LIBRARY OF CONGRESS CALL NUMBER
Classification number KPM 1744
Item number .N793 2007
082 ## - DEWEY DECIMAL CLASSIFICATION NUMBER
Classification number HS 342
Item number N62 2007
100 ## - MAIN ENTRY--PERSONAL NAME
Personal name Nolledo, Jose N.
9 (RLIN) 438
245 ## - TITLE STATEMENT
Title The 1987 constitution of the republic of the Philippines /
Statement of responsibility, etc Jose M. Nolledo
260 ## - PUBLICATION, DISTRIBUTION, ETC. (IMPRINT)
Place of publication, distribution, etc Mandaluyong City :
Name of publisher, distributor, etc National Boookstore,
Date of publication, distribution, etc c2007.
300 ## - PHYSICAL DESCRIPTION
Extent 124 p. :
Dimensions 14 cm.
650 ## - SUBJECT ADDED ENTRY--TOPICAL TERM
Topical term or geographic name as entry element Philippines
9 (RLIN) 10767
942 ## - ADDED ENTRY ELEMENTS (KOHA)
Source of classification or shelving scheme Library of Congress Classification
Koha item type Books
Holdings
Withdrawn status Lost status Source of classification or shelving scheme Damaged status Home library Current library Shelving location Date acquired Total Checkouts Full call number Barcode Date last seen Copy number Price effective from Koha item type
    Library of Congress Classification   Luxembourg Library Luxembourg Library High School Section 08/15/2013   KPM 1744 .N793 2007 15400 03/22/2016 1 08/15/2013 Books

The 1987 constitution of the republic of the Philippines /

APA

Nolledo J. N., . (2007). The 1987 constitution of the republic of the Philippines. Mandaluyong City: National Boookstore.

Chicago

Nolledo Jose N, . 2007. The 1987 constitution of the republic of the Philippines. Mandaluyong City: National Boookstore.

Harvard

Nolledo J. N., . (2007). The 1987 constitution of the republic of the Philippines. Mandaluyong City: National Boookstore.

MLA

Nolledo Jose N, . The 1987 constitution of the republic of the Philippines. Mandaluyong City: National Boookstore. 2007.

  • Place hold
  • Print
  • Cite
  • Add to your cart (remove)
  • Save record
    BIBTEX Dublin Core MARCXML MARC (non-Unicode/MARC-8) MARC (Unicode/UTF-8) MARC (Unicode/UTF-8, Standard) MODS (XML) RIS
  • More searches
    Search for this title in:
    Other Libraries (WorldCat) Other Databases (Google Scholar) Online Stores (Bookfinder.com) Open Library (openlibrary.org)

Exporting to Dublin Core...

SOUTHVILLE LIBRARY

Southville International School and Colleges Library

1281 Tropical Ave. Cor. Luxembourg St., BF Homes International, Las Pinas City

Tel. No. 8256374 / 252358 Loc. 117/146

Powered by Koha